00588 2200217 4500001002100000005001700021008004100038020002200079035002900101040001200130082001400142084001400156100001300170245006300183250001100246260004300257300003100300650001600331700001400347990000900361INLIS00000000000456620140314122839.0  a978-979-798-731-2 a##a0010-031400000000838 aJIPDBWI042[21]a813 a813 LIL i aLilis Hu aIkut Ibu Ke Pasarbgoing to the market with momc/Lilis Hu aCet. I aJakartabPT. Bhuana Ilmu Populerc2008 a27 hlm.b: ilus.c; 20 cm. aCerita anak aMiden Lee a7158